THE STUDY OF POPULATION: (Record no. 9636)

MARC details
000 -LEADER
fixed length control field 00425nam a22001577a 4500
003 - CONTROL NUMBER IDENTIFIER
control field OSt
005 - DATE AND TIME OF LATEST TRANSACTION
control field 20260506091135.0
008 - FIXED-LENGTH DATA ELEMENTS--GENERAL INFORMATION
fixed length control field 260506b |||||||| |||| 00| 0 eng d
020 ## - INTERNATIONAL STANDARD BOOK NUMBER
International Standard Book Number 02299
040 ## - CATALOGING SOURCE
Transcribing agency IRDP
082 ## - DEWEY DECIMAL CLASSIFICATION NUMBER
Classification number 312.072 STU
245 ## - TITLE STATEMENT
Title THE STUDY OF POPULATION:
Remainder of title AN INVENTORY AND APPRAISAL
260 ## - PUBLICATION, DISTRIBUTION, ETC. (IMPRINT)
Place of publication, distribution, etc. CHICAGO;
Name of publisher, distributor, etc. THE UNIVERSITY OF CHICAGO PRESS,
Date of publication, distribution, etc. 1959.
700 ## - ADDED ENTRY--PERSONAL NAME
Personal name HAUSER, P.M., DUNCAN, D.
942 ## - ADDED ENTRY ELEMENTS (KOHA)
Source of classification or shelving scheme Dewey Decimal Classification
Koha item type BOOKS
Holdings
Withdrawn status Lost status Source of classification or shelving scheme Damaged status Not for loan Home library Current library Shelving location Date acquired Total Checkouts Full call number Barcode Date last seen Price effective from Koha item type
    Dewey Decimal Classification     Dodoma Dodoma Ground Floor 06/05/2026   312.072 STU LIB003780 06/05/2026 06/05/2026 BOOKS

IRDP © 2021 :: Managed by ICT Team